Top 5 Most Populous Cities in Each Country of North America - Statistics

General Stats
  • This quiz has been taken 141 times
    9 since last reset
  • The average score is 30 of 115
Answers on the Map
Answers color-coded by a green-red scale on the quiz's map according to % correct below.
 
Answer Stats
Country Population City % Correct
United States 2,721,308 Chicago
100%
United States 3,878,704 Los Angeles
100%
United States 8,478,072 New York
100%
United States 2,390,135 Houston
89%
Jamaica 611,154 Kingston
89%
St. Vincent & the Grenadines** 24,518 Kingstown
89%
Mexico 8,843,706 Mexico City
89%
Canada* 1,700,014 Ottawa/Gatineau
89%
Panama* 1,132,696 Panama City
89%
Haiti 875,978 Port-au-Prince
89%
Canada* 7,108,874 Toronto
89%
Canada* 3,088,036 Vancouver
89%
Canada* 1,836,012 Calgary
78%
Cuba 2,137,847 Havana
78%
Canada* 4,597,837 Montréal
78%
Bahamas 227,640 Nassau
78%
United States 1,673,164 Phoenix
78%
Costa Rica 1,453,500 San José
78%
El Salvador 316,090 San Salvador
78%
Dominican Republic 2,752,784 Santo Domingo
78%
Barbados** 98,511 Bridgetown
67%
Guatemala 923,392 Guatemala City
67%
Nicaragua 1,055,111 Managua
67%
Belize 65,834 Belize City
56%
Belize 22,584 Belmopan
56%
Jamaica 118,013 Montego Bay
56%
Honduras 1,132,000 Tegucigalpa
56%
Mexico 1,810,645 Tijuana
56%
Saint Kitts and Nevis** 12,290 Basseterre
44%
Trindad and Tobago 37,074 Port of Spain
44%
Mexico 1,542,232 Puebla
44%
St. Vincent & the Grenadines** 1,680 Georgetown
33%
Dominican Republic 265,313 La Romana
33%
Dominica 14,725 Roseau
33%
Antigua and Barbuda 8,055 Saint George Parish
33%
Grenada** 7,500 Saint George's
33%
Belize 16,447 San Pedro
33%
Honduras 701,200 San Pedro Sula
33%
Cuba 431,411 Santiago de Cuba
33%
Dominican Republic 612,595 Santiago de los Caballeros
33%
Guatemala 212,047 Cobán
22%
Bahamas 26,910 Freeport
22%
Cuba 302,890 Holguin
22%
Mexico 1,579,803 León
22%
Nicaragua 177,270 León
22%
Guatemala 180,706 Quetzaltenango
22%
Antigua and Barbuda 51,737 Saint John's
22%
Cuba 217,907 Santa Clara
22%
Costa Rica 196,900 Alajuela
11%
Cuba 310,819 Camagüey
11%
Haiti 430,250 Carrefour
11%
Honduras 220,300 Choloma
11%
Panama* 159,157 Colón
11%
Panama* 103,915 David
11%
Mexico 1,643,623 Ecatepec de Morelos
11%
Honduras 120,600 El Progreso
11%
Costa Rica 367,900 Heredia
11%
Dominican Republic 210,278 Higüey
11%
Honduras 209,000 La Ceiba
11%
Nicaragua 140,721 Masaya
11%
Jamaica 75,491 May Pen
11%
Guatemala 463,019 Mixco
11%
Jamaica 161,442 Portmore
11%
El Salvador 155,958 San Miguel
11%
El Salvador 198,251 Santa Ana
11%
Jamaica 168,900 Spanish Town
11%
Grenada** 2,256 Victoria
11%
Guatemala 426,316 Villa Nueva
11%
Trindad and Tobago 33,606 Arima
0%
Saint Lucia 1,850 Augier
0%
Saint Lucia 1,812 Balata
0%
Barbados** 1,765 Bathsheba
0%
St. Vincent & the Grenadines** 24,205 Calliaqua
0%
Dominica 3,324 Canefield
0%
Costa Rica 232,300 Cartago
0%
Trindad and Tobago 83,516 Chaguanas
0%
Saint Lucia 2,471 Ciceron
0%
Haiti 241,055 Cité Soleil
0%
Nicaragua 130,357 Ciudad Sandino
0%
Haiti 359,451 Delmas
0%
St. Vincent & the Grenadines** 1,971 Diamond
0%
Saint Kitts and Nevis** 2,922 Fig Tree
0%
Grenada** 3,378 Gouyave
0%
Grenada** 2,400 Grand Roy
0%
Grenada** 2,476 Grenville
0%
Bahamas 17,679 Killarney
0%
Saint Lucia 2,401 Laborie
0%
Panama* 205,959 La Chorrera
0%
Dominican Republic 282,799 Los Alcarrizos
0%
Bahamas 46,525 Lucaya
0%
Dominica 2,411 Marigot
0%
Saint Kitts and Nevis** 2,568 Market Shop
0%
El Salvador 140,751 Mejicanos
0%
Saint Lucia 2,131 Micoud
0%
Barbados** 2,285 Oistins
0%
Belize 14,780 Orange Walk
0%
Haiti 271,175 Pétionville
0%
Dominica 4,167 Portsmouth
0%
Costa Rica 87,500 Puntarenas
0%
St. Vincent & the Grenadines** 1,875 Redemption
0%
Antigua and Barbuda 7,341 Saint Mary Parish
0%
Antigua and Barbuda 8,128 Saint Paul Parish
0%
Saint Kitts and Nevis** 2,460 Saint Paul's
0%
Antigua and Barbuda 5,325 Saint Peter Parish
0%
Dominica 2,147 Salisbury
0%
Saint Kitts and Nevis** 3,140 Sandy Point Town
0%
Trindad and Tobago 48,838 San Fernando
0%
Trindad and Tobago 20,710 Sangre Grande
0%
Belize 21,979 San Ignacio/Santa Elena
0%
El Salvador 241,403 Soyapango
0%
Barbados** 3,634 Speightstown
0%
Nicaragua 150,597 Tipitapa
0%
Panama* 128,973 Vista Alegre
0%
Bahamas 12,724 West End
0%
Barbados** 5,139 White Hall
0%
No matching quizzes found
Score Distribution
Percent of People with Each Score
Percentile by Number Answered
Your Score History
You have not taken this quiz since the last reset